Open Data Biblioteca Nacional de Portugal


República Portuguesa: Ministério da Cultura
Biblioteca Nacional de Portugal

Catálogo da BNP: acesso por Identificadores Unívocos
Registos Bibliográficos associados ao registo de autoridade

Etiqueta de registo: 00254nam 2200025 450
001 2284340
003 http://id.bnportugal.gov.pt/bib/catbnp/2284340
100 ## $a20260414d2025 k y0pory01030103ba
101 0# $aeng$dpor
102 ## $aPT
105 ## $aa m 000yy
106 ## $ar
200 1# $aMangement control systems in public sector organizations$eunpacking drivers and impacts$fMaria Teresa de Almeida Monteiro Felicio$gsupervisores António Carlos de Oliveira Samagaio
210 #9 $aLisboa$c[s.n.],$d2025
215 ## $aXVII, 200 p.$cil.$d30 cm
328 #1 $aTese dout. Philosophy in Management, Universidade de Lisboa, 2025
675 ## $a35.07(469)(043)$vBN$zpor$31234205
675 ## $a005.32(469)(043)$vBN$zpor$31226305
700 #1 $aFelicio,$bMaria Teresa de Almeida Monteiro$31995650
702 #1 $aSamagaio,$bAntónio Carlos de Oliveira$4727$31257402
801 #0 $aPT$bBN$gRPC
966 ## $lBN$mFGMON$sS.C. 168989 V.$x1
971 ## $ccsilva$d20260414
973 ## $cigoulao$d20260421

OpendataBNP@bnportugal.pt | Mais informação sobre acesso aos dados BNP